Quizzes
Events
Quiz Creation
Community
Videos
Private Events
Remove Ads
Sign In
Join for FREE
Feedback
Dark Mode
Quiz Categories
Sports
Geography
Music
Movies
Television
Just For Fun
Miscellaneous
History
Literature
Language
Science
Gaming
Entertainment
Religion
Holiday
For Kids
Quiz Lab
Recent
Popular Today
Quiz Kudos Today
Editor Picks
Curator Picks
Quizzes by...
Day
Popularity
Type
Ratings
Length
Year
Community
Subscriptions
Recent Discussions
Orange Saloon
Badges
Playlists
Quests
Create
Leaderboards
Showdown
Live 5
Trivia Bingo
Activity
Puzzle Library
Sporcle Events
Private Events
Virtual Trivia
Globe League
Become a Host
Pub Owners
SporcleCon
Opinionation
Our Games
Videos
Blog
Mobile Apps
Partnerships
Remove Ads and Go Orange
Feedback
Movies
Disney
Marvel Cinematic Universe
Movie Resume
Movie Titles
Oscar
Actor
Actress
Director
Pixar
Role
Movie Quotes
Movie Characters
Box Office
Nominee
Best Picture
Star Wars
James Bond
Horror Movies
Movies
Disney
Marvel Cinematic Universe
Movie Resume
Movie Titles
Oscar
Actor
Actress
Director
Pixar
Role
Movie Quotes
Movie Characters
Box Office
Nominee
Best Picture
Star Wars
James Bond
Horror Movies
Random Quiz
Search Sporcle
×
Quiz Lab
Quiz Lab
Movies
Movie Titles
Type in answers that appear in a list
Type in answers that appear in a list
Classic
Best Score? Go Orange.
Rotten Tomatoes top 100 Movies Stats
Can you name the Rotten Tomatoes top 100 movies?
By
Brigbar
13m
100 Questions
68 Plays
68 Plays
68 Plays
Comments
Comments
Give Quiz Kudos
Give Quiz Kudos
-
- Ratings
hide this ad
Replay
Link that replays current quiz
Next Quiz
Link to next quiz in quiz playlist
You Got
0%
They Got
Avg Score
11%
Avg Friend Score
Upgrade to see
Score Distribution
Jump to the score distribution portion of the page
Score
0/100
Timer
13:00
0
Plays Today
ranking
movies
% Correct
7
The Godfather
80.9%
4
Toy Story
77.9%
2
Toy Story 2
75%
5
The Wizard Of Oz
69.1%
41
The Terminator
57.4%
12
Citizen Kane
55.9%
53
Jaws
47.1%
11
Rear Window
35.3%
22
The Seven Samurai
35.3%
52
Frankenstein
35.3%
13
North by Northwest
32.4%
27
King Kong
32.4%
59
Pinocchio
32.4%
55
The Bride Of Frankenstein
30.9%
83
My Left Foot
30.9%
54
M
26.5%
29
Aliens
25%
57
Mary Poppins
25%
6
A Hard Day's Night
23.5%
1
Man On A Wire
22.1%
86
The Gold Rush
22.1%
99
The Odd Couple
19.1%
87
The Killer
17.6%
69
Tokyo Story
14.7%
31
Rashomon
13.2%
32
Evil Dead
13.2%
49
City Lights
13.2%
91
The Birth Of A Nation
11.8%
24
Modern Times
10.3%
34
Singing In The Rain
10.3%
38
The Adventures of Robin Hood
10.3%
47
12 Angry Men
10.3%
75
StageCoach
10.3%
15
Dr. Strangelove
8.8%
ranking
movies
% Correct
26
Chinatown
8.8%
28
On the Waterfront
8.8%
40
The Philadelphia Story
8.8%
97
The invisible Man
8.8%
9
This Is Not A Film
7.4%
44
The Maltese Falcon
7.4%
50
The Treasure of Sierra Madre
7.4%
60
The Grapes Of Wrath
7.4%
81
Henry-V
7.4%
98
The Killers
7.4%
18
The Third Man
5.9%
25
The 400 Blows
5.9%
46
Rebecca
5.9%
3
Taxi To The Dark Side
4.4%
8
Deliver Us From Evil
4.4%
20
All About Eve
4.4%
33
Repulsion
4.4%
65
The Cabinet of Dr. Caligari
4.4%
68
The African Queen
4.4%
17
Poetry
2.9%
37
Cool Hand Luke
2.9%
62
The Leopard
2.9%
66
The Rules Of The Game
2.9%
48
Battleship Potemkin
1.5%
56
Anatomy of Murder
1.5%
70
Top Hat
1.5%
10
Waste Land
0%
14
Afghan Star
0%
16
Aruitemo Aruitemo
0%
19
The Taste of Others
0%
21
Laura
0%
23
The Sweet Hereafter
0%
30
Last Train Home
0%
35
The Crying Game
0%
ranking
movies
% Correct
36
All The President's Men
0%
39
The Last Picture Show
0%
42
Everyday Sunshine
0%
43
The Conformist
0%
45
Three Colors: Red
0%
51
We Were Here
0%
58
Mr. Death
0%
61
Sholem Aleichem
0%
63
The Wages Of Fear
0%
64
Three Colors: Blue
0%
67
Pray the Devil Back To Hell
0%
71
Bob Roberts
0%
72
Husbands and Wives
0%
73
Kind Hearts and Coronets
0%
74
Mad Max 2
0%
76
Before Sunrise
0%
77
Rio Bravo
0%
78
Fanny and Alxander
0%
79
Playtime
0%
80
Searching For Bobby Fischer
0%
82
Live-In Maid
0%
84
Sita Sings The Blues
0%
85
Spoorloos
0%
88
The Order Of Myths
0%
89
I Am Cuba
0%
90
Phil Ochs
0%
92
The Taking of Pelham
0%
93
Hukkle
0%
94
Local Hero
0%
95
Knife in The Water
0%
96
Quay of the Goldsmiths
0%
100
Anita O' Day
0%
Quiz Playlist
Details
Report
Send in Message
Add To Playlist
Classic:
Type in answers that appear in a list
Last Updated: Feb 16, 2017
Quiz Scoreboard
CHALLENGE
Sign Up to Join the Scoreboard
Show All
Scores
Hide
Comments
May contain spoilers
Recently Published
TV Characters by Other Roles V
by ghcgh
Television
5m
Decade Duel: World Leaders
by jenniferyan
History
4m
Alphabetical 'K' Countries by Flag Minefield
by ylime102
Geography
3m
More to Explore
Quiz From the Vault
Featured Blog Post
15 Basketball Trivia Facts You Can Be March Mad About
hide this ad
You Might Also Like...
Tags
Movie Titles Quiz
100
rotten
Rotten Tomatoes
tomato
Today's Top Quizzes in Movies
Browse Movies
hide this ad
Today's Top Quizzes in Movie Titles
Browse Movie Titles
Top Contributed Quizzes in Movies
1
Pick 6: Harry Potter
2
Pick 6: Movie Franchises
3
Pick 6: Actors
4
Pick 6: Actresses
5
Pick 6: Disney Princesses
6
Decade Duel: Best Picture Winner
7
Movies of the Seasons
8
Match The President To The Fictional Crisis
9
Decade Duel: Disney Animated Movies
10
Movie Seasons
Explore More
Trending Topics
Anime
Kpop
Crossword
Disney
Marvel
NBA
Harry Potter
Pokémon
WWE
Song
NFL
Puzzle
Country
Soccer
The Office
hide this ad
More By:
Brigbar
Quiz
Plays
Rating
Category
Featured
Created
Harry Potter Death Row
8,405
3.31
Literature
Jun 15, 2012
batman villians minefield
2,710
3.75
Television
Jun 1, 2012
Adventure Time Ultimate Trivia
1,095
1.53
Television
May 8, 2012
Batman Villians by weapon
614
3.50
Television
May 31, 2012
Harry Potter or Hunger Games?
480
2.20
Literature
Jun 17, 2012
Go to Creator's Profile
Score Distribution
Quiz Creator Spotlight
Brigbar
Follow
Send a Message
Quizzes Created
-
Created Quiz Play Count
-
More By This Creator
Popular Quizzes Today
1
Countries of Asia Without Outlines Minefield
2
Find the US States - No Outlines Minefield
3
Pick 6: Fruits
4
The Countries of the World
5
Find the Countries of Europe - No Outlines Minefield
6
Alphabetical 'K' Countries by Flag Minefield
7
US States
8
Find the US States
More Movies Quizzes
Movies by Difficulty (Extended Time Travel Edition)
Editor's Pick
Trending Quizzes
Pick 6: Mountains
Pick 6: Harry Potter
Pick 6: NFL Teams
Pick 6: Flags
C Names for Actors
Recently Updated
Adaptations: Name the Title
pecheneg
NWSL Teams
pecheneg
Women's Final Four Teams by Year
bhenderson79
Presidents Quartet II
eogle
Anything But Clue(do)
eogle
Anything But Oceanian Capitals
eogle
Anything But 7
eogle
Anything But Thing
eogle
Word Ladder: February 29
pecheneg
Song Title Questions
pecheneg
Trending Topics
Marvel
Harry Potter
NBA
Kpop
Anime
Disney
Crossword
Pokémon
Song
Soccer
NFL
Puzzle
WWE
The Office
Country
Your Account Isn't Verified!
In order to create a playlist on Sporcle, you need to verify the email address you used during registration. Go to your
Sporcle Settings
to finish the process.
Report this User
Report this user for behavior that violates our
Community Guidelines
.
Details:
Send Report
Go to the Sporcle.com Mobile Site →
Comments